000 00383nam a22001337a 4500
008 170428b xxu||||| |||| 00| 0 eng d
020 _a9780619188375
050 _aTR 897.7
_b. W39 2004
100 _aBarbara M Waxer
245 _aMacromedia Fireworks Mx 2004:
_bDesign Professional
_cBarbara m waxer
260 _aUSA
_bThomson learning
_c2004
300 _axv,296p
942 _2lcc
_cBK
999 _c50159
_d50159